| 000 | 00424nam a2200181Ia 4500 | ||
|---|---|---|---|
| 003 | OSt | ||
| 005 | 20260401145049.0 | ||
| 008 | 250729s1993 xx 000 0 und d | ||
| 040 | _cAL | ||
| 041 | _aeng | ||
| 082 | _a900.15 RAJH | ||
| 100 |
_aH Raj _9230821 |
||
| 245 | _aHistory of ancient india | ||
| 260 |
_aNew Delhi _bSurjeet Publication _c1993 |
||
| 300 | _a402p | ||
| 650 |
_aHistory _9230822 |
||
| 942 |
_2ddc _cBED |
||
| 999 |
_c238973 _d238973 |
||